Troubleshooting, maintaining & repairing PCS. (Record no. 113)

MARC details
000 -LEADER
fixed length control field 00591cam a2200205ua 4500
008 - FIXED-LENGTH DATA ELEMENTS--GENERAL INFORMATION
fixed length control field 110321n ii |||gr||||Z||||||eng
020 ## - INTERNATIONAL STANDARD BOOK NUMBER
International Standard Book Number 978-0-07-047367-6
020 ## - INTERNATIONAL STANDARD BOOK NUMBER
International Standard Book Number 0-07-047367-6
040 ## - CATALOGING SOURCE
Transcribing agency MAIN
082 ## - DEWEY DECIMAL CLASSIFICATION NUMBER
Classification number 004.16
245 ## - TITLE STATEMENT
Title Troubleshooting, maintaining & repairing PCS.
Statement of responsibility, etc. By Stephen J. Bigelow.
250 ## - EDITION STATEMENT
Edition statement 5th.
260 ## - PUBLICATION, DISTRIBUTION, ETC.
Place of publication, distribution, etc. New Delhi.:
Name of publisher, distributor, etc. Mcgraw hill.,
Date of publication, distribution, etc. 2010.
300 ## - PHYSICAL DESCRIPTION
Extent xxxiv, 1547 p.:
Other physical details ill.;
Dimensions 22 cm.+
Accompanying material CD.
700 1# - ADDED ENTRY--PERSONAL NAME
Personal name Bigelow, Stephen J.,
942 ## - ADDED ENTRY ELEMENTS (KOHA)
Koha item type Books
653 ## - INDEX TERM--UNCONTROLLED
Uncontrolled term Computer science.
653 ## - INDEX TERM--UNCONTROLLED
Uncontrolled term Troubleshooting, maintaining & repairing of pcs.
Holdings
Withdrawn status Lost status Damaged status Not for loan Home library Current library Shelving location Date acquired Total Checkouts Full call number Barcode Date last seen Copy number Price effective from Koha item type
        Naharkatiya College Library Naharkatiya College Library General Stacks 19/09/2020   004.16 | BIG 20027 19/09/2020 1 19/09/2020 Books

Naharkatiya College © 2020. All rights reserved.

Powered By